000 00518nam a2200181 4500
001 8178
005 20230410124056.0
008 060907n1998 dr spa
020 _a0674372956
035 _9funglode8247
041 _aEN
050 1 4 _aLD 2136 S642h 1998
100 _aSmith, Richard Norton
245 1 4 _athe Harvard century :
_bthe making of a university to a nation /
_cRichard Norton Smith
260 _aCambridge :
_bHarvard University Press,
_c1998
300 _a397 p.
942 _2lcc
_cbk
999 _c70482
_d70482